Effect of lime and NPK fertilizers on rubber yield in Southern Bahia, Brazil (Record no. 45698)

MARC details
000 -LEADER
fixed length control field 00521nam a2200193Ia 4500
100 ## - MAIN ENTRY--AUTHOR NAME
Personal name Reis Edson Lopes
245 #0 - TITLE STATEMENT
Title Effect of lime and NPK fertilizers on rubber yield in Southern Bahia, Brazil
260 ## - PUBLICATION, DISTRIBUTION, ETC. (IMPRINT)
Name of publisher Revista Theobroma
Year of publication 1984
300 ## - PHYSICAL DESCRIPTION
Number of Pages 33-44
650 ## - SUBJECT ADDED ENTRY--TOPICAL TERM
Topical Term Adubacao mineral
650 ## - SUBJECT ADDED ENTRY--TOPICAL TERM
Topical Term Calagem
650 ## - SUBJECT ADDED ENTRY--TOPICAL TERM
Topical Term Hevea
650 ## - SUBJECT ADDED ENTRY--TOPICAL TERM
Topical Term Palavras-chave
650 ## - SUBJECT ADDED ENTRY--TOPICAL TERM
Topical Term Solo
700 ## - ADDED ENTRY--PERSONAL NAME
Personal name Cabala_Rosand ePercy
700 ## - ADDED ENTRY--PERSONAL NAME
Personal name de Santana Charles JL
942 ## - ADDED ENTRY ELEMENTS (KOHA)
Koha item type Reprints
Holdings
Withdrawn status Lost status Damaged status Not for loan Home library Current library Date acquired Serial Enumeration / chronology Accession Number Koha item type
      Reprints RRII Library RRII Library 22/12/2021 Volume 14, Issue 1 R36 Reprints